000 00871nam a2200241 4500
999 _c64228
_d64228
005 20240530110721.0
008 180321s2016 ua a g b 000 0 ara d
017 _a2015/14562
_bمصر. دار الكتب
020 _a9789773804534
040 _aEG-CaGPL
_cEG-CaGPL
082 0 4 _221
_a621.942\
_bأ م
100 0 _aاحمد زكى حلمى
245 1 2 _aالمخارط الرقمية CNC /
_cتأليف احمد زكى حلمى ، شريف السعيد السباعى /
250 _aط.1
260 _aالقاهرة :
_bدار العلوم للنشر والتوزيع،
_c2016
300 _a200 ص. ؛
_c24 سم.
650 0 7 _2qrmak
_aالمخارط
650 0 7 _2qrmak
_aالماكينات
651 _2qrmak
700 0 _aشريف السعيد السباعى
_eمؤلف مشارك
942 _2ddc
_cBK